Sunblest Bakeries Ltd v Strathclyde Region Assessor (Record no. 24316)

MARC details
000 -LEADER
fixed length control field 01090cab a2200193 4500
001 - CONTROL NUMBER
control field ABS42596
008 - FIXED-LENGTH DATA ELEMENTS--GENERAL INFORMATION
fixed length control field 090401t1990 xxu||||| |||| 00| 0 eng d
035 ## - SYSTEM CONTROL NUMBER
System control number (Sirsi) u37769
041 ## - LANGUAGE CODE
Language code of text/sound track or separate title eng
245 ## - TITLE STATEMENT
Title Sunblest Bakeries Ltd v Strathclyde Region Assessor
260 ## - PUBLICATION, DISTRIBUTION, ETC.
Date of publication, distribution, etc. 1990
350 ## - PRICE (NR) (BK AM CF MU VM SE) [OBSOLETE]
Price 0
490 ## - SERIES STATEMENT
Series statement Rating & Valuation Reporter
Volume/sequential designation 1990 RVR 54-60(7)
520 ## - SUMMARY, ETC.
Summary, etc. LT for Scotland 4 January 1990. An appeal by the ratepayer under Valuation and Rating (Scotland) Act 1956 s8A as amended by Rating and Valuation (Amendment) (Scotland) Act 1984 s17 that the food court in a shopping centre should not be entered on the valuaiton list as a separate item since it was part of a covered shopping mall. The appellant (S) contended that if it was to be entered it should have a nil value or a nominal value as its value was already reflected in the valuations of the individual kiosks round the food court. Appeal allowed with reference to s8A of the 1984 Act.
650 ## - SUBJECT ADDED ENTRY--TOPICAL TERM
Topical term or geographic name entry element LANDS VALUATION APPEAL COURT
690 ## - LOCAL SUBJECT ADDED ENTRY--TOPICAL TERM (OCLC, RLIN)
Topical term or geographic name as entry element RATING AND VALUATION-CASE LAW
942 ## - ADDED ENTRY ELEMENTS (KOHA)
Suppress in OPAC 0
948 ## - LOCAL PROCESSING INFORMATION (OCLC); SERIES PART DESIGNATOR (RLIN)
c (OCLC) 04/03/1997
Holdings
Withdrawn status Lost status Source of classification or shelving scheme Damaged status Not for loan Home library Current library Shelving location Date acquired Total Checkouts Full call number Barcode Date last seen Copy number Price effective from Koha item type
    Dewey Decimal Classification     London London Journal article 14/09/1999   ABS42596 37769-1001 06/08/2019 1 06/08/2019 Law report